| 000 | 00795nam a2200289 a 4500 | ||
|---|---|---|---|
| 001 | vtls001192391 | ||
| 003 | NLI | ||
| 005 | 20210603151047.0 | ||
| 008 | 120328s1955 ii f00| 0 eng d | ||
| 020 | _aRs.5.00 | ||
| 039 | 9 |
_y201203281642 _zVLOAD |
|
| 040 |
_a NLI _b eng _c Entertech IMP - 2012 _e AACR2 |
||
| 041 | 0 | _aeng | |
| 044 | _aii | ||
| 084 | _a135.H.147 | ||
| 100 | 1 | _aMukherji, Susrut | |
| 245 | 1 | 0 |
_aEssence of business organisation / _cSusrut Mukherji |
| 260 |
_aCalcutta: _bBook Exchange, _c1955 |
||
| 300 |
_avii, 263 p.; _c21 cm. |
||
| 650 | 0 |
_aManufacturing industries _971012 |
|
| 650 | 0 |
_aIndustries _912257 |
|
| 887 | _a | ||
| 901 |
_a316393: _b23.08.1957 |
||
| 902 | _a135.H.147 | ||
| 942 |
_2ddc _cBKS |
||
| 949 |
_AVIRTUAITEM _D10000 _X100 _6IMP000316393ENG |
||
| 999 |
_c463528 _d463528 |
||